000 00345nam a2200169Ia 4500
100 _aPfleeger/C.P/ Pfleeger/S.L
650 _aSecurity
250 _a4
942 _cBK
366 _f25
245 _aSecurity in computing
260 _bPearson Education
_c2007
082 _a5.8
_bPFL
300 _a875
546 _aENGLISH
999 _c32408
_d32408